00721nam a22002177a 450000500170000001000280001702000260004503500270007103700130009803700190011108200110013010000210014124500960016226000280025827000590028630000240034550000490036965000250041865000260044365000340046920100805143924.0 aENG-98203 B-426591-595 a9788189012670c500.00 aEN-81736 B-426591-595 bDBAD/PUB bAllied Pub/Ven a658.15 aTandon, Ramanjit aFinancial management :b(strictly on the basic of prescribed syllabus with modern trends) / aNew DelhibGnosisc2009 aE-35/103, Jawahar Park, Laxmi NagarbNew Delhie110092x ax, 215p.c24cm (Hb) aIncludes bibligraphical references and index aCorporations-finance aManagerial accounting aBussiness enterprises-finance